00538pam a2200193 a 4500001000800000005001700008008004100025010001700066020001500083040002300098041000800121060001900129080001900148082002300167100000600190101000800196245007600204504006400280297606320171221035912.0920131s1992 nyu b 001 0 eng c a 92006217  a0669276715 aDNLM/DLCcDLCdDLC aeng aWM 270 C67753m a616.860019 COH00a616.860019 COH2201 a3 aSHM14aThe mentally ill chemical abuser :cJacqueline Cohen, Stephen Jay Levy. aIncludes bibliographical references (p. 211-221) and index.